मृगजळ अनु. मधुकर हुद्दार (Record no. 1072461)

MARC details
000 -LEADER
fixed length control field 00738nam a2200205Ia 4500
008 - FIXED-LENGTH DATA ELEMENTS--GENERAL INFORMATION
fixed length control field 151119s9999||||xx |||||||||||||| ||und||
082 ## - DEWEY DECIMAL CLASSIFICATION NUMBER
Classification number 823.91
082 ## - DEWEY DECIMAL CLASSIFICATION NUMBER
Item number GKKV19507
100 ## - MAIN ENTRY--PERSONAL NAME
Personal name चेस जेम्स ह्डली
245 ## - TITLE STATEMENT
Title मृगजळ अनु. मधुकर हुद्दार
260 ## - PUBLICATION, DISTRIBUTION, ETC. (IMPRINT)
Place of publication, distribution, etc पुणे
260 ## - PUBLICATION, DISTRIBUTION, ETC. (IMPRINT)
Name of publisher, distributor, etc प्राजक्ता प्रकाशन
260 ## - PUBLICATION, DISTRIBUTION, ETC. (IMPRINT)
Date of publication, distribution, etc 2001
300 ## - PHYSICAL DESCRIPTION
Extent 135Pp.
600 ## - SUBJECT ADDED ENTRY--PERSONAL NAME
Personal name चेस जेम्स ह्डली
630 ## - SUBJECT ADDED ENTRY--UNIFORM TITLE
Uniform title मृगजळ अनु. मधुकर हुद्दार
700 ## - ADDED ENTRY--PERSONAL NAME
Personal name चेस जेम्स ह्डली
730 ## - ADDED ENTRY--UNIFORM TITLE
Uniform title मृगजळ अनु. मधुकर हुद्दार
942 ## - ADDED ENTRY ELEMENTS (KOHA)
Koha item type Book
Holdings
Withdrawn status Lost status Damaged status Not for loan Home library Current library Date acquired Cost, normal purchase price Total Checkouts Full call number Barcode Date last seen Cost, replacement price Price effective from Koha item type
        G.K. Khandekar Vachanalaya, Mulund G.K. Khandekar Vachanalaya, Mulund 03/27/2014 0.00   GKKV19507 GKKV19507 11/19/2015 0.00 11/19/2015 Book